| 000 | 00407nam a2200133Ia 4500 | ||
|---|---|---|---|
| 008 | 220216s9999 xx 000 0 und d | ||
| 100 | _aPatil Pankaj Y | ||
| 245 | 0 | _aMechanism of improved aged rubber-to-brass adhesion using one-component resins | |
| 260 |
_bRubber Chemistry and Technology _c2005 |
||
| 300 | _a155-173 | ||
| 650 | _aRubber-to-brass adhesion | ||
| 700 | _aOoij William J van | ||
| 942 | _cJS | ||
| 999 |
_c62768 _d62768 |
||